000 00642nam a2200241Ia 4500
003 OSt
005 20221007074924.0
006 a|||||r|||| 00| 0
007 ta
008 221006b |||||||| |||| 00| 0 eng d
024 _a24,270
037 _cTextual
040 _aFLL
_cFLL
_beng
041 _2eng
_aeng
082 _aZ2:35, J3
100 _aDial Rameshwar
245 0 _aCommentary onn the Indian sale of goods act, 1930
250 _a1st
260 _aNew Delhi
_bBhagirath Publications India
_c1953
300 _aic,1-652p
_ccm.
942 _hZ2:35, J3
_cTEXL
_2CC
999 _c1154166
_d1154166